000 00512cam a2200181ua 4500
001 11822
008 191111n ii |||gr||||Z||||||eng
020 _a9789350320075
040 _cMAIN
082 _a300.03
100 _aR.C. Saxena .,
_eAuthor.,
245 _aEncyclopedia of social science in 21st century :
_bvolume 1 (A to D) /
_cBy R.C. Saxena .
250 _a1st ed. /
_bvol 1.
260 _aJaipur:
_bShree Niwas Publications,
_c2012.
300 _a290p.
653 _aSocial sciences
942 _cBK
999 _c10616
_d10616